| 000 | 00725nam a2200217 4500 | ||
|---|---|---|---|
| 001 | 148752 | ||
| 003 | ES-MaACL | ||
| 005 | 20230906202804.0 | ||
| 007 | t| | ||
| 008 | 070214s1962 sp r ||||1| spa d | ||
| 100 | 1 |
_aSuavet, Thomas. _9108676 |
|
| 245 | 1 | 0 |
_aConstruyamos la iglesia hoy / _cThomas Suavet ; traducción de Juan de la Quintana Oriol, Gabriel Bascones Grijalba. |
| 260 |
_aMadrid : _b[s. n.], _c1962 ( _fGráf. Euramerica Nebrija) |
||
| 300 |
_a256 p. ; _c18 cm. |
||
| 490 | 1 | _aCol. mundo mejor | |
| 700 | 1 |
_aQuintana Oriol, Juan de la. _994692 |
|
| 700 | 1 |
_aBascones Grijalba, Gabriel. _926269 |
|
| 830 | 0 |
_aCol. mundo mejor _9187521 |
|
| 852 |
_aES-MaACL _jC-25123 _bR.51218 |
||
| 999 |
_c148752 _d148752 |
||